Normal view
MARC view
Entry Personal Name
001 - CONTROL NUMBER
- control field: 660199
003 - CONTROL NUMBER IDENTIFIER
- control field: OSt
005 - DATE AND TIME OF LATEST TRANSACTION
- control field: 20221006151857.0
008 - FIXED-LENGTH DATA ELEMENTS
- fixed length control field: 221006|| aca||aabn | a|a d
040 ## - CATALOGING SOURCE
- Original cataloging agency: OSt
- Transcribing agency: OSt
100 ## - HEADING--PERSONAL NAME
- Personal name: HAO Ke Min Ed
670 ## - SOURCE DATA FOUND
- Source citation: Work cat.: (OSt)1091859: HAO Ke Min Ed., Zhong guo gao deng jiao yu jie gou yan jiu, 1987
